|
|
|
|
| LEADER |
02176nam a2200625 i 4500 |
| 001 |
nkc20213378813 |
| 003 |
CZ PrNK |
| 005 |
20220401090246.0 |
| 007 |
ta |
| 008 |
211210s2021 xr f 001 0 cze |
| 015 |
|
|
|a cnb003378813
|
| 020 |
|
|
|a 978-80-7556-100-8
|q (brožováno)
|
| 035 |
|
|
|a (OCoLC)1310112505
|
| 040 |
|
|
|a ABA001
|b cze
|d BOA001
|e rda
|
| 041 |
0 |
|
|a cze
|a slo
|b cze
|b eng
|
| 072 |
|
7 |
|a 37
|x Výchova a vzdělávání
|2 Konspekt
|9 22
|
| 080 |
|
|
|a 373.5-021.321
|2 MRF
|
| 080 |
|
|
|a 37.02
|2 MRF
|
| 080 |
|
|
|a 004
|2 MRF
|
| 080 |
|
|
|a 37.043.2
|2 MRF
|
| 080 |
|
|
|a 37.064
|2 MRF
|
| 080 |
|
|
|a 331.5
|2 MRF
|
| 080 |
|
|
|a (082)
|2 MRF
|
| 100 |
1 |
|
|a Sapík, Miroslav
|7 jn20001103439
|4 aut
|
| 245 |
1 |
0 |
|a Inkluzivní vzdělávání a současné problémy trhu práce /
|c Miroslav Sapík a kol.
|
| 264 |
|
1 |
|a České Budějovice :
|b Vysoká škola evropských a regionálních studií, z.ú.,
|c 2021
|
| 300 |
|
|
|a 70 stran ;
|c 21 cm
|
| 336 |
|
|
|a text
|b txt
|2 rdacontent
|
| 337 |
|
|
|a bez média
|b n
|2 rdamedia
|
| 338 |
|
|
|a svazek
|b nc
|2 rdacarrier
|
| 490 |
1 |
|
|a Studia
|
| 500 |
|
|
|a 200 výtisků
|
| 504 |
|
|
|a Obsahuje bibliografii a rejstřík
|
| 546 |
|
|
|a Částečně slovenský text, české a anglické resumé
|
| 650 |
0 |
7 |
|a střední odborné školy
|7 ph116319
|2 czenas
|
| 650 |
0 |
7 |
|a didaktika
|7 ph114316
|2 czenas
|
| 650 |
0 |
7 |
|a digitalizace
|7 ph262178
|2 czenas
|
| 650 |
0 |
7 |
|a integrovaná výchova a vzdělávání
|7 ph121132
|2 czenas
|
| 650 |
0 |
7 |
|a klima školy
|7 ph249611
|2 czenas
|
| 650 |
0 |
7 |
|a trh práce
|7 ph116483
|2 czenas
|
| 650 |
0 |
9 |
|a secondary vocational schools
|2 eczenas
|
| 650 |
0 |
9 |
|a teaching
|2 eczenas
|
| 650 |
0 |
9 |
|a digitization
|2 eczenas
|
| 650 |
0 |
9 |
|a integrated education
|2 eczenas
|
| 650 |
0 |
9 |
|a school environment
|2 eczenas
|
| 650 |
0 |
9 |
|a labor market
|2 eczenas
|
| 655 |
|
7 |
|a sborníky
|7 fd163935
|2 czenas
|
| 655 |
|
9 |
|a miscellanea
|2 eczenas
|
| 810 |
2 |
|
|a Vysoká škola evropských a regionálních studií.
|t Studia
|0 s
|
| 910 |
2 |
|
|a BOA001
|b 2-1482.399
|
| 928 |
9 |
|
|a VSERS
|
| 990 |
|
|
|a BK
|
| 995 |
|
|
|a 01
|
| 991 |
|
|
|b 202203
|c NOV
|
| 996 |
6 |
|
|b 2610895004
|c 2-1482.399
|l MZK
|r Sklad / do 1 hodiny
|n 0
|p p.v.
|w 001878262
|u 000010
|a 1
|e BOA001
|j MZK50
|s P
|